000 00348nam a22001457a 4500
008 240205b ||||| |||| 00| 0 eng d
020 _a9781538702895
041 _aeng
080 _22020 FIRST EDITION
_a159.9
082 _a159.9
100 _a25
101 _aPSI
245 _aUNAPOLOGETICALL AMBITIOUS
_cSHELLYE ARCHAMBEAU
942 _2udc
_cBK
999 _c60577
_d60577